| 000 | 00349nam a2200145Ia 4500 | ||
|---|---|---|---|
| 008 | 150201s2003 xx 000 0 und d | ||
| 082 |
_a611 _bI2003L |
||
| 100 | _aLYDYARD.PM. | ||
| 245 | _aINSTANT NOTES IN IMMUNOLOGY | ||
| 250 | _a1ST | ||
| 260 |
_bVIVA BOOKS PUBLICATION _aDEL;HI _c2003 |
||
| 300 | _a1-318 | ||
| 650 | _aANATOMY | ||
| 942 |
_2ddc _cBK |
||
| 999 |
_c3700 _d3700 |
||